Generic Data Structures and Algorithms in Go

সংরক্ষণ করুন:
গ্রন্থ-পঞ্জীর বিবরন
প্রধান লেখক: Wiener
বিন্যাস: গ্রন্থ
প্রকাশিত: Apress
ট্যাগগুলো: ট্যাগ যুক্ত করুন
কোনো ট্যাগ নেই, প্রথমজন হিসাবে ট্যাগ করুন!

MARC

LEADER 00000nam a2200000Ia 4500
005 20260513122049.0
020 |a 9781484281901 
100 |a Wiener 
365 |c € 
365 |b 28.00 
942 |c BK 
245 |a Generic Data Structures and Algorithms in Go 
260 |b Apress 
999 |c 17  |d 17 
952 |0 0  |1 0  |4 0  |7 0  |a UNSW  |b UNSW  |d 2026-05-06  |g 64.99  |i 16688  |l 0  |p 000110  |r 2026-05-13 12:20:49  |v 64.99  |w 2026-05-13  |y BK